000 00204 a2200097 4500
001 57184
100 _a
245 _aThe GMAT
260 _aNew York
_bVillard Books
_c1992
090 _c35111
_d35111
942 _aNUST-CAE
_cMONOGRAPH
_c27905
999 _c292257
_d292257